|
|
|
|
| LEADER |
00632nab a2200169 i 4500 |
| 001 |
acta461 |
| 005 |
20210616145159.0 |
| 008 |
161015s1942 hu o 0|| hun d |
| 040 |
|
|
|a SZTE Egyetemi Kiadványok Repozitórium
|b hun
|
| 041 |
|
|
|a hun
|
| 100 |
2 |
|
|a Dr. Párducz Mihály
|
| 245 |
1 |
0 |
|a Csongrádi leletek
|h [elektronikus dokumentum] /
|c Dr. Párducz Mihály
|
| 260 |
|
|
|c 1942
|
| 300 |
|
|
|a 153
|
| 490 |
0 |
|
|a Dolgozatok a Magyar Királyi Ferencz József Tudományegyetem Archaeologiai Intézetéből
|v 18
|
| 695 |
|
|
|a temetkezés, Geda-halom, ásatás
|
| 856 |
4 |
0 |
|u http://acta.bibl.u-szeged.hu/461/1/dolgozatok_1942_153.pdf
|z Dokumentum-elérés
|